000 01035nam a22003257a 4500
003 CHAP
005 20220329133248.0
008 971013s1990 r 00010 d
010 _a4070
011 _a5042
035 _a4248
040 _cCHAP
090 _aFolleto 13379
100 0 0 _aHill, Lowell D.
_955434
245 _aImpact of production changes on soybean movements
_b: among selected states 1982-1983
260 _aUrbana :
_bUniversity of Illinois. Agricultural Experiment Station,
_c1990
300 _a68 p
490 _aUniversity of Illinois bulletin
_v; 797
500 _aD52-150
590 _aBATCH-UPD
_b10
_c20130110
_lUCH01
_h1702
590 _aCONVERSION
_b10
_c20130109
_lUCH01
_h1303
650 1 4 _aSoya
_xMercadeo.
_9109070
650 1 4 _aSoya
_xTransporte.
_9109093
700 0 _aAllen, Albert J.
_94376
700 0 _aTraylor, Harlon D .
_9114721
830 0 _aUniversity of Illinois bulletin
_v; 797
_9116727
901 _aBK
942 _cFOLL
949 _aFolleto 13379
_bBC
_cFOLL
_d-13781
_eTS1
_i4248
_mD
_si
999 _c4070
_d4070